Nociones de psicología del niño / (Record no. 145180)

MARC details
000 -LEADER
campo de control de longitud fija 00569nam a2200169 4500
001 - NÚMERO DE CONTROL
campo de control 145180
003 - IDENTIFICADOR DE NÚMERO DE CONTROL
campo de control ES-MaACL
005 - FECHA Y HORA DE LA ÚLTIMA TRANSACCIÓN
campo de control 20230906201158.0
007 - CAMPO FIJO DE DESCRIPCIÓN FÍSICA--INFORMACIÓN GENERAL
campo de control de longitud fija t|
008 - DATOS DE LONGITUD FIJA--INFORMACIÓN GENERAL
campo de control de longitud fija 070214s1947 ag r ||||1| spa d
100 1# - ENTRADA PRINCIPAL--NOMBRE DE PERSONA
Nombre de persona Sousa Ferraz, Joâo de.
9 (RLIN) 107581
245 10 - MENCIÓN DEL TÍTULO
Título Nociones de psicología del niño /
Mención de responsabilidad, etc. Joâo de Sousa Ferraz ; nueva versión castellana de la segunda edición brasileña por M. J. de Sosa.
260 ## - PUBLICACIÓN, DISTRIBUCIÓN, ETC.
Lugar de publicación, distribución, etc. Buenos Aires :
Nombre del editor, distribuidor, etc. Americalee,
Fecha de publicación, distribución, etc. 1947.
300 ## - DESCRIPCIÓN FÍSICA
Extensión 238 p. ;
Dimensiones 21 cm.
700 1# - ENTRADA AGREGADA--NOMBRE PERSONAL
Nombre de persona Sosa, M. J. de.
9 (RLIN) 107436
852 ## - LOCALIZACIÓN
Ubicación ES-MaACL
Número de control de estantería C-4388
Sublocalización o colección R.24219
Holdings
Estatus retirado Estado de pérdida Estado de daño No para préstamo Biblioteca de origen Biblioteca actual Ubicación en estantería Fecha de adquisición Fuente de adquisición Total de préstamos Signatura topográfica completa Código de barras Visto por última vez Precio de reemplazo Tipo de ítem Koha
        Biblioteca del Ateneo de Madrid Biblioteca del Ateneo de Madrid Sala Palomar 17/01/2008     C-4388 1151545 23/02/2023 23/02/2023 Libro impreso